000 00497nmm a2200157Ia 4500
008 251105s9999||||xx |||||||||||||||||und||
020 _a9789587710304
041 _aspa
100 _aMantilla, Samuel Alberto
245 0 _aIFRS/NIIF plenos :
_b A su alcance, para facilitar su implementación
264 _a[Bogotá, Colombia] :
_bEcoe Ediciones,
_c2013
300 _a302 páginas
650 _aEconomics and Business
856 _uhttps://public.digitaliapublishing.com/a/102976
942 _cCF
999 _c96118
_d96118